00692nam a22002057a 4500003000400000005001700004008004100021020001800062040001000080082001900090100002600109245012200135250001300257260006100270300003500331500002000366650002600386650005200412700002200464OSt20150408114219.0140519s2013 njua g 001 0 eng d a9780132746243 aMa-Un00222a657.3bSKI1 aSchoenebeck, Karen P.10aInterpreting and analyzing financial statements :ba project-based approach /cKaren P. Schoenebeck, Mark P. Holtzman a6th. ed. aUpper Saddle River, N.J. :bPearson/Prentice Hall,c2013 axiii, 339 p. :bill. ;c29 cm. aIncludes index. aFinancial statements. aFinancial statementsvProblems, exercises, etc.1 aHoltzman, Mark P.